[Event "Lopota FIDE GP (Women)"]
[Site "Lopota"]
[Date "2014.06.29"]
[Round "9"]
[White "Danielian, Elina"]
[Black "Koneru, Humpy"]
[Result "1-0"]
[WhiteElo "2460"]
[BlackElo "2613"]
[Annotator "CB"]
[PlyCount "71"]
[EventDate "2014.06.19"]
[EventType "tourn"]
[EventRounds "11"]
[EventCountry "GEO"]
[EventCategory "11"]
[SourceTitle "CBM 161 Extra"]
[Source "ChessBase"]
[SourceDate "2014.08.29"]
[SourceVersion "1"]
[SourceVersionDate "2014.08.29"]
[SourceQuality "1"]

{Humpy held equality from the opening without problems, and tactical slip from
Danielian allowed her to seize a powerful position with a wonderfully placed
queen on d2. The Armenian's position was about to collapse but Humpy did not
seize the opportunity; a couple of passive moves and the game was back to
equal. Then, disaster struck, as Humpy's 38th move blundered a piece to a
basic double attack.} 1. d4 e6 2. Nf3 c5 3. e3 Nf6 4. c4 a6 5. a3 d5 6. cxd5
exd5 7. dxc5 Bxc5 8. b4 Ba7 9. Bb2 Nc6 10. Be2 O-O 11. O-O Re8 12. Nd4 Ne5 13.
Nd2 Bd7 14. Rc1 Ne4 15. N2f3 Ng4 16. h3 Ngf6 17. Qb3 h5 18. Rfd1 Bb8 19. b5 a5
20. a4 Qe7 21. Bf1 Bd6 22. Ne2 Rac8 23. Rxc8 Rxc8 24. Nf4 Be6 25. Bd4 Bc5 26.
Rc1 Bxd4 27. Rxc8+ Bxc8 28. Nxd4 Qc5 29. Nd3 Qc3 30. f3 $2 {Missing her
opponent's reply.} (30. Qb1 $11) 30... Qd2 $1 $17 31. Nc2 Ng3 (31... Nc3 $1 {
Leaves White absolutely paralyzed. The threat of Bf5 is as surprisingly simple
as it is unstoppable.} 32. g4 hxg4 33. hxg4 Bxg4 $1 $19) 32. Nde1 Bf5 33. Bd3
Be6 $2 (33... Bxd3 34. Qxd3 Qe2 $1 35. Qxe2 {there is nothing better.} Nxe2+
36. Kf2 Nc3 $17) 34. Qb2 Nd7 35. Qd4 Kf8 $4 {nothing but time trouble can
justify making such a useless move. Not to mention - it is a huge blunder.} 36.
Qh4 {Black cannot stop mate on d8 and defend her knight at the same time.} 1-0

[Event "EU-chT (Men) 18th"]
[Site "Porto Carras"]
[Date "2011.11.06"]
[Round "4.2"]
[White "Meier, Georg"]
[Black "Eljanov, Pavel"]
[Result "1-0"]
[WhiteElo "2659"]
[BlackElo "2691"]
[Annotator "CB"]
[PlyCount "71"]
[EventDate "2011.11.03"]
[EventType "team-swiss"]
[EventRounds "9"]
[EventCountry "GRE"]
[SourceTitle "CBM 146"]
[Source "ChessBase"]
[SourceDate "2012.01.18"]
[SourceVersion "1"]
[SourceVersionDate "2012.01.18"]
[SourceQuality "1"]
[WhiteTeam "Germany"]
[BlackTeam "Ukraine"]
[WhiteTeamCountry "GER"]
[BlackTeamCountry "UKR"]

1. c4 c6 2. d4 d5 3. Nf3 Nf6 4. e3 e6 5. b3 Ne4 6. Bd3 Bd6 7. O-O Qe7 8. Bb2
Nd7 9. Nc3 f5 10. Ne2 O-O 11. h4 b6 12. Nf4 Bb7 13. Qe2 a5 14. a4 Rf6 15. g3
Rh6 16. Kg2 c5 17. cxd5 exd5 18. Rh1 Nf8 19. Ne5 cxd4 20. exd4 Bxe5 21. dxe5
Ng6 22. h5 Nxe5 23. f3 d4 24. Bc4+ Nxc4 25. Qxc4+ Kh8 26. Rhe1 Rc8 27. Qd3 Rd8
28. Rad1 Qg5 29. fxe4 fxe4 30. Qe2 Rhd6 31. Kh2 e3 $2 {and now we have some
interesting backrank play.} 32. Qc4 (32. Bxd4 Rxd4 33. Rxd4 Rxd4 34. Qxe3 Re4 {
to stop the backrank mate.} 35. Ng6+ $1 {would have won the game outright.})
32... Qe5 $2 33. Qf7 (33. Qc7 Qe4 34. Rxe3 Qxe3 ({the pawn in pinned:} 34...
dxe3 35. Qxg7#) 35. Bxd4 {wins because} Rxd4 {leads to mate:} 36. Qxd8+ Rxd8
37. Rxd8+ Qe8 38. Rxe8#) 33... R6d7 34. Qe6 Qc5 35. Rxe3 dxe3 36. Rxd7 {
and mate to follow.} 1-0

[Event "Politiken Cup 18th"]
[Site "Copenhagen"]
[Date "1996.??.??"]
[Round "7"]
[White "Speelman, Jonathan S"]
[Black "Maksimenko, Andrei"]
[Result "1-0"]
[WhiteElo "2625"]
[BlackElo "2545"]
[Annotator "Chekhov,V"]
[PlyCount "69"]
[EventDate "1996.06.??"]
[EventType "swiss"]
[EventRounds "11"]
[EventCountry "DEN"]
[SourceTitle "CBM 054"]
[Source "ChessBase"]
[SourceDate "1996.10.01"]
[SourceVersion "1"]
[SourceVersionDate "1996.10.01"]
[SourceQuality "1"]

1. c4 {Baburin} e6 2. Nf3 d5 3. d4 c6 4. Qc2 Nf6 5. Bg5 Nbd7 6. e3 Qa5+ 7. Nbd2
Ne4 8. Bf4 (8. Bh4 Bb4 9. a3 f5 10. Rd1 Bd6 11. Bd3 h6 12. O-O g5 13. Bg3 Nxg3
14. hxg3 Nf6 15. Rc1 Bd7 $14 {Korchnoi,V-Godena,M/Debrecen/1992/0,5/62/}) 8...
Be7 (8... Bb4 9. a3 g5 10. Bg3 h5 11. O-O-O Be7 12. Nxe4 dxe4 13. Qxe4 h4 14.
Be5 f6 15. Qg6+ Kf8 16. d5 cxd5 17. Bc3 Qc7 18. Nxg5 $18 {Horvath,C-Kuijf,M/
Europe(tch/1993/1|0/18/}) 9. h4 $5 (9. cxd5 Nxd2 10. Nxd2 Qxd5 11. a3 c5 12.
dxc5 Nxc5 13. e4 Qc6 14. Be2 Bd7 15. O-O O-O 16. Rac1 $14 {Matlak,M-Zurek,M/
CZE/1994/0|1/58/}) 9... Nxd2 10. Nxd2 dxc4 (10... c5 11. cxd5 exd5 12. dxc5
Bxc5 (12... Nxc5 13. Be5 O-O 14. Bc3 $14) 13. Bd3 $16) (10... O-O 11. Bd3 h6
12. Bg3 $14) 11. Bxc4 e5 12. Bg3 exd4 13. O-O O-O (13... dxe3 14. fxe3 O-O 15.
Ne4 $146) 14. exd4 Nb6 15. Bd3 Qh5 16. Rae1 $1 Nd5 (16... Bxh4 17. Bd6 (17. Re5
Qh6 (17... f5 18. Qb3+ Kh8 19. Bxh4 Qxh4 20. Nf3 Qf6 21. Rfe1 Bd7 22. a4 $146)
18. Bxh4 Qxh4 19. Nf3 Qh6 20. Ng5 (20. Rfe1 $5) 20... g6 (20... f6 21. Bxh7+
Kh8 22. Nf7+ Rxf7 23. Re8+ $18) 21. Qb3 $146) 17... Rd8 18. Bc7 (18. Re5 Qh6
19. Bc7 Rf8 20. Bd6 $22 Qxd6 (20... Rd8 21. Bc7 $10) 21. Bxh7+ Kh8 22. Rh5 $40)
18... Rf8 19. Bd6 $10) 17. Nf3 f6 18. a3 (18. Bc4 Bb4 19. Re2 $22 Bg4 20. Qb3
Bxf3 21. gxf3 a5 22. a3 $18) 18... Rf7 (18... Bg4 19. Be4 $6 (19. Nd2 $5) 19...
Rf7 20. Qb3 Bf8 $22 21. Nd2 Be2) 19. Bc4 Bg4 20. Nd2 Rd8 21. Nb1 $1 {Baburin:
An interesting approach - White wants to chalenge the blockading d5-knight,
Black's best piece.} Bf8 22. Nc3 Kh8 23. Nxd5 cxd5 24. Bd3 $16 {Baburin: The
pawn formation has been changed; in these new circumstances the main feature
of the position is the awkward placement of the black queen.} g6 25. Qa4 {
Baburin: White attacks on the queen side, while the major black piece is stuck
on h5.} a6 26. Qa5 Rc8 (26... Rfd7 $5 27. Qb6 Kg7 28. Re3 Bf5 29. Bxf5 Qxf5 30.
Rfe1 $16) 27. Rc1 Rxc1 28. Rxc1 Kg7 (28... Bf5 29. Bf1 Bd7 30. Qd8 $16) 29. Rc7
Be6 30. Qb6 Qd1+ 31. Bf1 Rxc7 32. Bxc7 Bf7 (32... Kf7 33. Bd8 $18) 33. Bd8 f5
34. Bf6+ Kg8 35. Be5 (35. Be5 Bg7 36. Qd8+ Bf8 37. Qf6 $18) 1-0

[Event "Yerevan"]
[Site "Yerevan"]
[Date "1976.03.31"]
[Round "11"]
[White "Ornstein, Axel"]
[Black "Grigorian, Karen Ashotovich"]
[Result "0-1"]
[WhiteElo "2470"]
[BlackElo "2485"]
[Annotator "ChessBase"]
[PlyCount "70"]
[EventDate "1976.03.19"]
[EventType "tourn"]
[EventRounds "15"]
[EventCountry "URS"]
[SourceTitle "EXT 1999"]
[Source "ChessBase"]
[SourceDate "1998.11.16"]
[SourceVersion "1"]
[SourceVersionDate "1998.11.16"]
[SourceQuality "1"]

1. c4 Nf6 2. g3 e6 3. Bg2 d5 4. Nf3 Be7 5. b3 c5 6. cxd5 exd5 7. d4 Nc6 8. O-O
O-O 9. Bb2 Bg4 10. Nc3 Re8 11. Rc1 (11. dxc5 Bxc5 12. Rc1 Bf8 13. h3 Bh5 14. e3
) 11... cxd4 12. Nb5 (12. Nxd4 Qd7 13. Na4 Rac8 14. Nxc6 bxc6 15. Qd2) 12...
Rc8 13. Nbxd4 Qb6 14. Qd2 Bb4 15. Qd3 Ne4 16. e3 $11 Bf8 17. h3 Bd7 18. Rfd1
Nb4 19. Qb1 Rxc1 20. Rxc1 Qh6 21. Nh4 $2 (21. a3 $142 Nc6 22. Nxc6 Nxf2 23.
Kxf2 Qxe3+ 24. Kf1 Bxc6 25. Nd4 Qxg3 26. Qf5 Bc5 27. Qf3 Qe5 28. Qf2 $11) 21...
Qa6 (21... Nxf2 22. Nhf5 Nxh3+ 23. Kh2 Bxf5 24. Nxf5 Qh5 25. Bxh3 Qe2+ 26. Kg1
g6) 22. Bf1 Qh6 (22... Qf6) 23. a3 $2 (23. Bg2) 23... Nc6 (23... Nd2 $1 24. Qa1
Nc6 25. Rc2 Nxd4 26. Bxd4 Nxb3 $17) 24. Qd3 Qg5 25. Ndf3 Qh5 26. Bg2 Be6 (26...
Be7) 27. Nd4 (27. g4 $1 Qh6 28. Nf5) 27... Nxd4 28. Qxd4 Qe2 $15 29. Rf1 $4 (
29. Bxe4 dxe4 30. Ng2 Bxb3 31. Nf4 Qa6 32. Qd7 Re7 33. Qf5 f6 $15) 29... Nd2
$19 30. Bc3 Nxf1 31. Bxf1 Qc2 32. b4 Rc8 33. Bb2 Qb1 34. Nf3 Bxh3 35. Nd2 Qd1
0-1

[Event "Interzonal-16"]
[Site "Biel"]
[Date "1993.??.??"]
[Round "2"]
[White "Kortschnoj, Viktor Lvovich"]
[Black "Pigusov, Evgeny"]
[Result "1-0"]
[WhiteElo "2625"]
[BlackElo "2585"]
[Annotator "ChessBase"]
[PlyCount "147"]
[EventDate "1993.07.16"]
[EventType "swiss"]
[EventRounds "13"]
[EventCountry "SUI"]
[SourceTitle "CBM 037"]
[Source "ChessBase"]
[SourceDate "1993.12.01"]
[SourceVersion "1"]
[SourceVersionDate "1993.12.01"]
[SourceQuality "1"]

1. d4 d5 2. c4 e6 3. Nf3 Nf6 4. Bg5 Be7 5. e3 h6 6. Bh4 O-O 7. Nbd2 b6 (7...
Nbd7) 8. cxd5 Nxd5 9. Bxe7 Qxe7 10. Rc1 Bb7 11. Bc4 Rc8 12. O-O Nd7 (12... c5)
13. e4 Nf4 14. Re1 Rd8 15. h4 c5 16. g3 Ng6 17. d5 Nge5 18. dxe6 fxe6 19. Qc2
Qf6 20. Be2 Nxf3+ (20... Rf8 $15 {Pigusov,E}) 21. Nxf3 Rf8 22. Bb5 Rad8 23. Re3
Ne5 24. Nxe5 Qxe5 25. Rce1 Rd4 26. Bf1 Qd6 27. Rd3 e5 28. Rxd4 Qxd4 29. Re3 Kh8
30. Bc4 Bc6 31. Qe2 Qd6 32. b3 Qf6 33. Bd5 Bb5 34. Qe1 Rd8 35. Qc3 Rf8 36. Qb2
a5 37. Kg2 Bd7 38. f3 Rd8 39. Re2 Be6 40. Rd2 Bxd5 41. Rxd5 Rxd5 42. exd5 Qd6
43. Qd2 Kg8 44. Qd3 Kf7 45. a4 Ke7 46. h5 Kd7 47. Qf5+ Ke7 48. Qe4 Qf6 49. f4
Kd6 50. Kf3 exf4 51. gxf4 Qc3+ 52. Kg4 Qf6 53. Kg3 Qc3+ 54. Kh4 Qd4 55. Qe6+
Kc7 56. Qc6+ Kd8 57. Qxb6+ Ke7 58. Qe6+ Kd8 59. Qe5 Qg1 60. Qd6+ Kc8 61. Qe6+
Kd8 62. Qe4 Kd7 63. Qe6+ Kd8 64. Qd6+ Kc8 65. Qf8+ Kd7 66. Qf7+ Kd8 67. Kh3 c4
68. d6 Qf1+ 69. Kg4 Qd1+ 70. Kf5 Qxd6 71. bxc4 Qd3+ 72. Ke5 Qe3+ 73. Kd6 Qd2+
74. Kc6 1-0

[Event "Asia-ch"]
[Site "Dubai"]
[Date "1996.??.??"]
[Round "?"]
[White "Murugan, Krishnamoorthy"]
[Black "Magomedov, Magaram"]
[Result "1/2-1/2"]
[WhiteElo "2410"]
[BlackElo "2460"]
[Annotator "ChessBase"]
[PlyCount "35"]
[EventDate "1996.??.??"]
[EventType "swiss"]
[EventRounds "9"]
[EventCountry "UAE"]
[SourceTitle "EXT 1999"]
[Source "ChessBase"]
[SourceDate "1998.11.16"]
[SourceVersion "1"]
[SourceVersionDate "1998.11.16"]
[SourceQuality "1"]

1. c4 e6 2. Nc3 d5 3. d4 c5 4. cxd5 exd5 5. Nf3 Nc6 6. Bg5 Be7 7. Bxe7 Ngxe7 8.
dxc5 $6 Qa5 $6 9. e3 O-O $2 (9... Qxc5) 10. Be2 $2 (10. Bb5 $1 a6 11. Bxc6 bxc6
12. Nd4 Qxc5 13. Rc1 $14) 10... Qxc5 11. O-O Be6 12. Rc1 Qb4 $44 (12... Rad8)
13. Qd2 Rad8 14. Rfd1 a6 $5 15. a3 Qb3 $5 16. Qc2 Qxc2 17. Rxc2 Nf5 18. Nd4 $8
(18. g4 d4 $1 19. gxf5 Bb3 $15) (18. Rcd2 d4 $1 19. exd4 Bb3 $15) (18. Nd4 $8
Ncxd4 19. exd4 Rc8 $11) 1/2-1/2

[Event "Candidates sf Kasparov-Kortschnoj+4-1=6"]
[Site "London"]
[Date "1983.12.04"]
[Round "6"]
[White "Kortschnoj, Viktor Lvovich"]
[Black "Kasparov, Garry"]
[Result "0-1"]
[WhiteElo "2600"]
[BlackElo "2690"]
[Annotator "ChessBase/Kasparov"]
[PlyCount "156"]
[EventDate "1983.11.21"]
[EventType "match"]
[EventRounds "12"]
[EventCountry "ENG"]
[SourceTitle "Kasparov"]
[Source "ChessBase"]
[SourceDate "1999.07.01"]
[SourceVersion "1"]
[SourceVersionDate "2005.01.01"]
[SourceQuality "1"]

1. d4 d5 2. c4 e6 3. Nf3 c5 4. cxd5 exd5 5. g3 Nc6 6. Bg2 Nf6 7. O-O Be7 8. Be3
$5 c4 9. Ne5 O-O 10. b3 cxb3 11. Qxb3 Qb6 $5 (11... Na5 12. Qa4 a6 13. Bd2 $1
Nc4 $1 14. Nxc4 b5 15. Qa5 bxc4 16. Qxd8 Rxd8 17. Ba5 $1 Rd7 18. Nc3 Bb7 19.
Rab1 {= ?}) 12. Rc1 $1 (12. Qxb6 axb6 13. Rc1 Nb4 14. Nc3 Be6 15. a3 Nc6 16.
Nb5 Rfc8 $44) 12... Qxb3 13. axb3 Nb4 $1 14. Na3 (14. Nc3 Rd8 (14... Be6 $2 15.
Nb5 a6 16. Nc7 Rac8 17. Nxe6 fxe6 18. Bh3 $16) (14... Bf5 15. g4 $1 Bxg4 16.
Nxg4 Nxg4 17. Nxd5 Nxd5 18. Bxd5 Nxe3 19. fxe3 Bg5 20. Kf2 Rfe8 21. Rc3 Re7 22.
e4 $16) (14... a6 15. Na4 $1 Bf5 16. Rc7 Bd6 17. Rxb7 Nc2 18. Rc1 Rac8 19. Nb6
Nxe3 20. Nxc8 Bxc8 21. Rb6 $1 Nf5 22. e3 {/\ 23.Bh3 +/-}) 15. Nb5 (15. Na4 Bf5
$1) 15... a6 16. Rc7 Kf8 $1 17. Bd2 $1 Nc6 $1 18. Nxc6 bxc6 19. Nc3 (19. Rxc6
$2 Bd7) 19... Bd7 20. Bf4 $1 Ne8 21. Rb7 Nd6 22. Rb6 (22. Bxd6 Bxd6 23. Rb6 Ke7
24. Rbxa6 Rxa6 25. Rxa6 Rb8) 22... Nb5 23. Nxb5 axb5 $10) 14... a6 $1 15. Bd2
Rb8 {/\ 16.... Bf5|^} 16. Bxb4 $1 Bxb4 17. Nd3 {/\ 18.Nc5} Bd6 $6 (17... Bxa3
$10 18. Rxa3 Bf5 19. b4 (19. Nc5 a5 $1 {/\ b6}) 19... Rbc8 20. Rac3 Rxc3 21.
Rxc3 Rc8 $1 (21... Bxd3 $6 22. exd3 Rb8 23. Rc7 $14) 22. Rxc8+ (22. Nc5 b6 23.
Na4 Rxc3 24. Nxc3 Be6 25. Na4 Nd7) 22... Bxc8 23. Nf4 Be6 $10) 18. Nc2 Bg4 $6 (
18... Be6 {>=} 19. Ne3 Rfc8 20. b4 $1) 19. Kf1 Bf5 $6 {Kasparovs Remisangebot
wurde abgelehnt.} (19... Rfc8 {>=} 20. Ne3 Be6) 20. Nc5 $36 Rfc8 (20... Bxc5
21. dxc5 Bxc2 22. Rxc2 $18) 21. Ne3 Be6 22. b4 Kf8 23. Rc2 Ke7 (23... b6 $2 24.
Nxe6+ fxe6 25. Rxc8+ Rxc8 26. Bh3 $1 Kf7 27. Rxa6) 24. Ke1 h5 {/\ h5-h4; Ng4} (
24... b6 25. Nxa6 Rxc2 26. Nxc2 Ra8 27. b5 Bd7 28. Rb1) 25. Rb2 Rc7 $1 26. Nd3
$1 {/\ 27.b5 +- [#]} Ra8 $1 27. b5 $6 (27. Rba2 Rd8 $1 28. Ra5 $6 (28. b5 $145
axb5 29. Ra5 $14) 28... Rc3 $1 29. Nxd5+ $2 Bxd5 30. Bxd5 Rxd3 $19) 27... a5
$145 $1 {[%mdl 32] Compare: the same strategical idea was used in
Kan-Makogonov/Sverdlovsk/1943.} 28. b6 Rc6 29. Rb5 (29. Ra4 $5 Ra6 30. Rb5
Raxb6 31. Raxa5 Ne4 $1 $10) 29... a4 30. Nxd5+ $6 (30. Nb4 Bxb4+ 31. Rxb4 a3
32. Rb3 a2 33. Rb2 Kd6 34. Rbxa2 Rxa2 35. Rxa2 Rxb6 $10) (30. Nc5 Bxc5 31. dxc5
Nd7 32. Nxd5+ Bxd5 33. Bxd5 Rxc5 34. Bxb7 Rxb5 35. Bxa8 Nxb6 $10) 30... Nxd5
31. Bxd5 Bxd5 32. Rxd5 Rxb6 33. Rxh5 Rb3 $1 $17 {>< Rh5} 34. Kd2 b5 35. h4 (35.
e4 $2 Rc8 36. e5 Bb4+ 37. Nxb4 Rxb4 38. Kd3 Rcc4 $19) 35... Rc8 36. g4 $2 $138
(36. Rg5 $1 g6 37. h5 $132) 36... a3 (36... Rc4) 37. f4 Rcc3 $6 (37... Rc4 {>=}
38. Rd5 $2 (38. Ke3 Rc2 39. Rh8 b4 40. Ra8 Rbc3 $19) (38. Rh8 b4 $1 $19) 38...
Ke6 39. e4 Rcc3 40. Nc5+ Bxc5 41. Rxc5 Rh3 $1 $40 {-+}) 38. Rd5 Ke6 39. Rh5 b4
$2 (39... Rxd3+ $1 40. exd3 Bxf4+ 41. Ke2 Rb2+ 42. Kf3 Bd6 43. Rh8 (43. Ke4 a2
$1) 43... Kd5 44. Ke3 Rg2 $1 $19) 40. Ra5 Rxd3+ (40... Rb2+ 41. Nxb2 axb2 42.
Rb1 Bxf4+ 43. e3 Bxe3+ 44. Ke2 Bc1 (44... Bxd4 45. Rxb2 Re3+ 46. Kd2 Rg3 47.
Rb1 Bc3+ 48. Kc2 Rxg4 49. h5) 45. Rb5 b3 46. h5 $10) 41. exd3 $10 {<=>} Bxf4+
42. Ke2 Rc3 (42... Rb2+ {/\ Bc3}) (42... Bc7 $2 43. Ra6+ Kd5 44. Rc1 $1 $40)
43. g5 $6 (43. Kf3 Bc1 (43... Rc1 44. R1xa3 $1) (43... Bd6 44. Ke4 b3 45. R5xa3
b2 $2 46. d5+ $1) 44. Ke4 Kd6 45. Ra6+ Kd7 (45... Kc7 46. d5 Kb7 47. d6 $1) 46.
d5 b3 47. Ra7+ Kd6 (47... Kc8 48. R7xa3) 48. Ra6+ $10) 43... Bc1 44. h5 b3 45.
R5xa3 Bxa3 46. Rxa3 b2 47. Ra6+ Kf5 48. Rb6 (48. Ra5+ Kf4 $1 49. Rb5 Rc2+)
48... Rc2+ 49. Ke3 Kxg5 50. d5 (50. Rb5+ f5 51. d5 Kxh5 52. d6 Rc5 53. Rxb2 Rd5
54. Rb6 g5 55. d4 Kg4 56. Rc6 $10 (56. Kd3 $2 Kf3) 56... Kg3 57. Rc5 $1) 50...
Kxh5 51. Kd4 (51. d6 $2 Rc6 $1) 51... g5 52. Rb8 $1 g4 53. d6 Rc6 $5 (53... Rc8
54. Rxb2 (54. Rxc8 $2 b1=Q 55. d7 Qb6+ 56. Kc3 Qa5+ 57. Kc4 Qa4+ $19) 54... g3
55. Ke3 $1 Kg4 56. Rb4+ Kh3 57. Rb5 Kh2 (57... Rd8 58. Kf3) 58. Rh5+ $10) 54.
Ke5 (54. Kd5 Rc8 55. Rxc8 $3 (55. Rxb2 $2 g3 56. d7 (56. Ke4 Kg4) 56... Rd8 57.
Kd6 f5 58. Ke7 Rxd7+ 59. Kxd7 f4 $19) 55... b1=Q 56. d7 Qb5+ $1 (56... Qxd3+
57. Kc6 Qc4+ 58. Kd6 $10) 57. Kd6 Qb6+ 58. Ke7 Qe6+ 59. Kd8 g3 (59... Qe5 60.
d4 $1 Qxd4 61. Ke7) 60. Kc7 Qe7 (60... g2 $2 61. Rh8+ {/\ 62.d8Q}) (60... Qe5+
61. Kc6 g2 62. d8=Q Qe6+ (62... g1=Q $4 63. Qh8+) 63. Kb7 g1=Q 64. Qh8+ Qh6 65.
Qe5+ Qgg5 66. Qe2+ $1 (66. Qh2+ $2 Kg6 67. Rg8+ (67. Rc6+ f6 $19) 67... Kh7 $19
) 66... Kh4 (66... Qg4 67. Rc5+) 67. Qh2+ Kg4 68. Qg2+ (68. Rc4+ Kf3) 68... Kh5
69. Qe2+ $10) 61. Re8 Qc5+ 62. Kb7 Qd5+ 63. Kc7 f5 64. d8=Q Qxd8+ 65. Kxd8 f4
66. Rg8 $1 (66. Rf8 $2 g2) 66... Kh4 67. Rf8 $1 Kg4 68. d4 f3 69. d5 f2 70. d6
$10) 54... Rc5+ 55. Kf6 $6 (55. Kd4 Rc8 $10) 55... g3 56. Rxb2 Rd5 57. Kxf7
Rxd6 58. Rd2 Kg4 59. d4 (59. Ke7 $2 Rd4 60. Ke6 Kf4) 59... Kf5 $1 (59... Kf4
60. Ke7 Rg6 61. Rg2 $1 Ke4 62. Kf7 Rg4 63. Kf6 $10) 60. Ke7 Rd5 61. Rd3 $1 (61.
Rg2 $2 Kf4 62. Rd2 Ke4 63. Rg2 Kf3 64. Rd2 g2 $19) 61... Kf4 62. Ke6 Rg5 63. d5
$2 (63. Rd1 Ke4 $5 (63... Rg6+ 64. Kf7 Rd6 65. Ke7 $10) (63... g2 64. Rg1 Ke4
65. d5 Rg6+ 66. Kf7 $10) 64. d5 Rg6+ (64... Re5+ 65. Kd6 g2 66. Re1+ Kd4 67.
Rd1+) 65. Ke7 $1 (65. Kf7 $2 Rd6 66. Rg1 Kf3 67. Rd1 g2 68. Ke7 Rxd5) 65... Ke5
66. d6 Rg7+ 67. Kf8 Rd7 68. Rd3 $1 Kf4 69. Rd4+ $10 Ke3 (69... Kf3 70. Rd3+ Kg4
71. Ke8 g2 72. Rd1) 70. Rg4 Kf3 71. Rg6 g2 72. Rf6+ Ke2 73. Rg6) 63... Rg6+ $1
(63... g2 64. Rd4+ $1 Ke3 65. Rd1 $10) 64. Ke7 g2 65. Rd1 Ke5 $1 $19 66. d6
Re6+ 67. Kd7 Rxd6+ 68. Rxd6 g1=Q 69. Re6+ Kf5 70. Rd6 Qa7+ 71. Kd8 Ke5 72. Rg6
Qa5+ 73. Kd7 Qa4+ 74. Ke7 Qh4+ 75. Kf8 Qd8+ 76. Kf7 Kf5 77. Rh6 Qd7+ 78. Kf8
Kg5 0-1

[Event "BEL-chT 9900"]
[Site "Antwerp"]
[Date "2000.01.23"]
[Round "8"]
[White "Chuchelov, Vladimir"]
[Black "Motwani, Paul"]
[Result "1-0"]
[WhiteElo "2520"]
[BlackElo "2470"]
[Annotator "Chuchelov,V"]
[PlyCount "87"]
[EventDate "1999.10.08"]
[EventType "team"]
[EventRounds "11"]
[EventCountry "BEL"]
[SourceTitle "CBM 075"]
[Source "ChessBase"]
[SourceDate "2000.04.05"]
[SourceVersion "1"]
[SourceVersionDate "2000.04.05"]
[SourceQuality "1"]

1. Nf3 d5 2. d4 c5 3. c4 e6 4. cxd5 exd5 5. g3 Nc6 6. Bg2 Bd6 7. O-O Nge7 8.
Nc3 O-O 9. Bg5 $5 (9. Nb5 $5) (9. b3 $5) (9. e4 dxe4 10. Nxe4 cxd4 11. Nxd4 Be5
(11... Nxd4 $5 12. Qxd4 Nf5 13. Qc3 Be7) 12. Nf3 Qxd1 13. Rxd1 Bg4 $11 {
1/2-1/2 Larsen,B-Enevoldsen,J/Copenhagen 1953}) 9... f6 (9... h6 10. dxc5 Bxc5
11. Bxe7 Nxe7 12. Nd4 $14) 10. dxc5 Bxc5 11. Bf4 Be6 12. Na4 (12. Rc1 d4 13.
Na4 Bb6 14. Nxb6 Qxb6 $13) 12... Bd6 13. Bxd6 Qxd6 14. Rc1 $14 Rad8 (14... b6
15. Nc3 $14) 15. Nc5 Bc8 16. Nd4 Rfe8 $1 17. Re1 $5 (17. e3 b6 (17... Nxd4 18.
Qxd4 Nf5 19. Qa4) 18. Nxc6 Nxc6 19. Nd3 Bf5 20. Qa4 Bxd3 21. Rxc6 Qd7 22. Rd1
Be4 23. Bxe4 Rxe4 24. Qc2 $14) 17... b6 (17... Nxd4 18. Qxd4 Nf5 19. Qa4 b6 20.
Nd3 $14) 18. Nxc6 Nxc6 19. Nd3 Ne5 20. Nf4 (20. Qa4 Nxd3 21. exd3 Rxe1+ 22.
Rxe1 a5 23. Re8+ Kf7 24. Rxd8 Qxd8 $11) 20... d4 21. Qb3+ (21. Qa4 $5 a5 22.
Red1 $16) 21... Kf8 $5 22. Red1 g5 $1 (22... Bg4 23. h3 g5 24. Nd5 Bxe2 (24...
Bxh3 25. Nc7 Re7 26. Nb5 Qe6 27. Qxe6 Bxe6 28. Nxd4 $16) 25. Rxd4 $16) 23. Nd5
$1 (23. Nd3 Bg4 24. Rd2 Rc8 $132) 23... d3 24. Ne3 (24. exd3 $2 Be6 25. d4 Nf7
$19) 24... Be6 25. Qa4 Qe7 26. Rd2 $1 (26. exd3 Nxd3 27. Rb1 Rd6 28. Qa3 Red8
$11) 26... dxe2 $6 (26... a5 $5 {Motwani /\27..Qb4} 27. a3 (27. exd3 Nxd3 28.
Rcd1 Nc5 29. Qc6 Rxd2 30. Rxd2 Rd8 31. Rxd8+ Qxd8 32. Nd5 Bxd5 33. Bxd5 Ke7 $11
) (27. Be4 dxe2 28. Rxe2 f5) 27... Qd7 28. Qxd7 Rxd7 29. exd3 Red8 $1 $11) (
26... f5 $5 27. Rcd1 dxe2 28. Rxe2 Rxd1+ 29. Qxd1 f4 30. Nd5 Bxd5 31. Qxd5 Kg7
$11) 27. Rxe2 Nd3 28. Rc3 Nc5 $6 (28... Ne5 29. f4 gxf4 30. Qxf4 $36) 29. Qc2
$16 Rc8 $2 $138 (29... Bg4 $1 30. Re1 Bh5 $140 31. Bc6 Bg6 32. Qe2 Ne4 33. Rc2
Nc5 34. Bxe8 Bxc2 35. Qxc2 Rxe8 36. b4 Nd7 37. Rd1 $16) 30. b4 (30. Nd5 $1 Qf7
31. Nxf6 Qxf6 32. Rf3 $18) 30... Na6 (30... Nb7 31. Nd5 Rxc3 32. Qxc3 Qf7 33.
Nc7 $18) 31. a3 Rxc3 32. Qxc3 Bf7 $2 (32... Rc8 $142 33. Qb2 Qf7 34. Nc2 $5 Nc7
35. Nd4 $16) 33. Qd3 Nc7 34. Qxh7 $18 Bg8 35. Qh6+ Qg7 36. Qxg7+ Kxg7 37. Rc2
$1 Nb5 (37... Ne6 38. Bd5) 38. Bc6 Rxe3 39. fxe3 Nxa3 40. Rc1 a5 41. bxa5 bxa5
42. Ba4 $1 {1-0} Nc4 $140 43. Bb3 Nxe3 44. Rc7+ 1-0